000 00623nam a22002057a 4500
999 _c6146
_d6146
005 20260317155404.0
008 260317b ||||| |||| 00| 0 eng d
020 _a9781476551661
040 _cKH8
082 _a962
100 _aJuarez,Christine
_eAuthor
245 _aEgypt
260 _a1719 Roe Crest Drive,North Mankato,Minnesota 56003
_bCapstone Press
_c©2014
300 _a24 pages
_bcolour illustration
_c15cm x 18cm
520 _aTravel to Egypt.Find out facts about this country in Africa.
650 _aJuvenile Non Fiction
_vEgypt
655 _aHistory
655 _aPeople and Places
942 _2ddc
_cNFIC